| 000 | 00686nam a22002051a 4500 | ||
|---|---|---|---|
| 005 | 20110718133134.0 | ||
| 008 | 091005s1979 001 0 eng d | ||
| 020 |
_a9966404945 : _c0.00 |
||
| 040 | _aNEGST Library - Kenya | ||
| 050 | 4 | _aBS 325.B66 1979 | |
| 082 | 0 | _aBS 325.B66 1979 | |
| 100 | 1 | _aAlliance Biblique du Burkina Faso. | |
| 245 | 1 | 0 | _aDeebenu nyubuarii fiinnu bee /. |
| 260 |
_aOuagadougou : _bAlliance Biblique au Bur, _c1979. |
||
| 300 | _a582 p. : ill. | ||
| 500 | _a"Le Nouveau Testament en Boomu." - T.p. verso. [Africana] | ||
| 600 | 1 | 0 | _aBible. N.T. Boomu. 1979. |
| 600 | 1 | 0 | _aBoomu language - Texts. |
| 852 | _94.00 | ||
| 999 |
_c39987 _d39987 |
||